000 01021nam a22002177a 4500
001 1686
003 FISKH
005 20250808142502.0
008 230914b cb ||||| |||| 00| 0 eng d
020 _a9781407139654
040 _aFISKH
_beng
_cFISKH
_dFISKH
082 _a823.92
245 _aBunny needs a friend /
_cBy Jill Hucklesny ; illustrated by Jon Davis
260 _aLondon :
_bScholastic,
_c2014
300 _a149 pages :
_c21 cm
505 _aH
520 _aAn exciting, inspiring story based on a real-life animal rescue. When Sarah and her family find a box on the side of the road, the last thing they expect to find inside is a bunny! It's all alone, so they call the RSPCA. An RSPCA Inspector arrives to take the bunny to a local centre for treatment. She's thin and cold, and needs looking after, but the RSPCA know just what to do. The bunny makes a good recovery and meets a special furry friend along the way.
521 8 _a510
_bLexile estimate
521 8 _aH
_bRaz-Plus
942 _2ddc
_cBK
_n0
999 _c1686
_d1686